Abeceda obchodu rukověť exportéra

Aktívne vyhľadávanie obchodných partnerov.. Vyhľadávanie partnerov v prihraničných oblastiach. Akvizícia, ponuková činnosť - ponuková cena, druhy ponúk podľa ich záväznosti, akvizičné cesty, propagačné materiály a vzorky.

Gespeichert in:
Bibliographische Detailangaben
Format: Buchkapitel
Sprache:Tschechisch
Schlagworte:
Tags: Tag hinzufügen
Keine Tags, Fügen Sie das erste Tag hinzu!

MARC

LEADER 00000naa$a2200000$$$4500
001 0016075
005 20230908091025.0
041 0 |a cze 
044 |a CZ 
245 1 0 |a Abeceda obchodu  |b rukověť exportéra 
520 |a Aktívne vyhľadávanie obchodných partnerov.. Vyhľadávanie partnerov v prihraničných oblastiach. Akvizícia, ponuková činnosť - ponuková cena, druhy ponúk podľa ich záväznosti, akvizičné cesty, propagačné materiály a vzorky. 
610 2 0 |a partneri obchodní 
610 2 0 |a výstavy 
610 2 0 |a veľtrhy 
610 2 0 |a ponuka 
610 2 0 |a akvizícia 
610 2 0 |a prieskum odbytový